[Event "SPICE Cup GMA"]
[Site "Lubbock USA"]
[Date "2010.11.01"]
[Round "5"]
[White "Meier, Georg"]
[Black "Perelshteyn, Eugene"]
[Result "1-0"]
[WhiteTitle "GM"]
[BlackTitle "GM"]
[WhiteElo "2659"]
[BlackElo "2528"]
[WhiteFideId "4675789"]
[BlackFideId "2012529"]
[EventDate "2010.10.28"]

1. Nf3 Nf6 2. c4 g6 3. Nc3 d5 4. cxd5 Nxd5 5. g3 Bg7 6. Bg2 O-O 7. O-O c5 8.
Nxd5 Qxd5 9. d3 Nc6 10. Be3 Bxb2 11. Rb1 Bf6 12. Qa4 Qd7 13. Qb5 Rb8 14. Qxc5 b6
15. Qb5 Bb7 16. Rfc1 Rfd8 17. a4 Rbc8 18. Rc4 Na5 19. Qxd7 Rxd7 20. Rxc8+ Bxc8
21. Rc1 Bb7 22. Nd2 Kg7 23. Bxb7 Nxb7 24. Ne4 Bb2 25. Rc8 Be5 26. g4 Rc7 27. Re8
Rd7 28. Ra8 Na5 29. f4 Bb2 30. Kf2 f5 31. gxf5 gxf5 32. Ng5 h6 33. Nf3 Nc6 34.
Rc8 Nd8 35. h4 h5 36. Ng5 Kg6 37. Kf3 Bf6 38. Bd2 Bg7 39. a5 bxa5 40. Bxa5 Nb7
41. Bb4 a5 42. Rc6+ Bf6 43. Ba3 Nd6 44. Ra6 Nb7 45. e3 Kg7 46. Ke2 Bc3 47. Rc6
Bf6 48. Rb6 Nd6 49. Ra6 Nb5 50. Rxa5 Nc3+ 51. Kd2 Ne4+ 52. Kc2 Rc7+ 53. Kd1 Nf2+
54. Ke2 Rc2+ 55. Kf3 Nxd3 56. Rxf5 Ne1+ 57. Ke4 Kg6 58. Ra5 Ng2 59. f5+ Kg7 60.
Ne6+ Kh6 61. Ra8 Rc3 62. Bc5 Kh7 63. Ra7 Nxh4 64. Bd4 Bxd4 65. Nxd4 Kh6 66. Rxe7
Kg5 67. Rf7 Ra3 68. Rf8 Ra4 69. Rg8+ Kf6 70. Kf4 Ra1 71. Rf8+ Ke7 72. Rh8 Ng2+
73. Kf3 Ne1+ 74. Ke4 Ng2 75. Rxh5 Re1 76. Rh3 Kf6 77. Rg3 Nh4 78. Rg4 Rh1 79.
Nf3 Nxf3 80. Rg6+ Kf7 81. Kxf3 1-0

[Event "SPICE Cup GMA"]
[Site "Lubbock USA"]
[Date "2010.11.07"]
[Round "10"]
[White "Perelshteyn, Eugene"]
[Black "Meier, Georg"]
[Result "1/2-1/2"]
[WhiteTitle "GM"]
[BlackTitle "GM"]
[WhiteElo "2528"]
[BlackElo "2659"]
[WhiteFideId "2012529"]
[BlackFideId "4675789"]
[EventDate "2010.10.28"]

1. d4 e6 2. g3 d5 3. Nf3 b5 4. Bg2 Nf6 5. O-O Nbd7 6. a4 b4 7. c4 bxc3 8. bxc3
Ba6 9. Ba3 c5 10. Nbd2 Rc8 11. Rc1 Be7 12. c4 O-O 13. Qb3 Nb6 14. cxd5 c4 15.
Qa2 exd5 16. Ne5 Nbd7 17. Rfd1 Re8 18. Bb2 Bb4 19. Nb1 Bb7 20. e3 Qb6 21. Nc3
Nb8 22. a5 Qxa5 23. Qxa5 Bxa5 24. Nb5 Bb4 25. Nxc4 Ba6 26. Nca3 Bxa3 27. Nxa3
Nbd7 28. Bf1 Bxf1 29. Kxf1 Ne4 30. Ke2 Rb8 31. Rc2 Rb3 32. Rd3 Rb7 33. Bc1 f5
34. Rc6 g5 35. f3 Nef6 36. Rdc3 g4 37. Rc7 Reb8 38. Nc2 Nb6 39. Rxb7 Rxb7 40.
Rc6 gxf3+ 41. Kxf3 Ne4 42. Na3 Na4 43. Kf4 Nac3 44. Kxf5 Rf7+ 45. Ke5 Rf2 46. h4
h5 47. Rc8+ Kf7 48. Rc7+ Kg6 49. Rc6+ Kg7 50. Rc7+ Kg6 51. Rc6+ 1/2-1/2